000 00834nam a2200253Ia 4500
003 OSt
005 20221005041919.0
006 a|||||r|||| 00| 0
007 ta
008 221004b |||||||| |||| 00| 0 eng d
020 _a9788188934577 (hbk)
_c1950
024 _a14051
037 _b665, 20/03/2014, Anshika Book International Publishers & Distributors
_cTextual
040 _aCRL
_cCRL
_beng
041 _2eng
_aeng
082 _aQ23, P9
100 _aRajarajan Jeyapriya
_9464875
245 0 _aTerrific manifestations of Siva
_b Virabhadra
260 _aDelhi
_bSharda Publishing House India
_c2009
300 _axvi,156p.
_ccm.
650 _aRELIGION
942 _hQ23, P9
_cTEXL
_2cc
999 _c949303
_d949303